Entry Personal Name
Number of records used in: 1
001 - CONTROL NUMBER
003 - CONTROL NUMBER IDENTIFIER
005 - DATE AND TIME OF LATEST TRANSACTION
- control field:
20231214161202.0
008 - FIXED-LENGTH DATA ELEMENTS
- fixed length control field:
840823n| azannaab |a aaa
010 ## - LIBRARY OF CONGRESS CONTROL NUMBER
- LC control number:
n 84040646
040 ## - CATALOGING SOURCE
- Original cataloging agency:
DLC
- Language of cataloging:
eng
- Description conventions:
rda
- Transcribing agency:
DLC
- Modifying agency:
DLC
046 ## - SPECIAL CODED DATES
100 1# - HEADING--PERSONAL NAME
- Personal name:
Callister, William D.,
- Titles and other words associated with a name:
Jr.,
- Dates associated with a name:
1940-
400 1# - SEE FROM TRACING--PERSONAL NAME
- Control subfield:
nnea
- Personal name:
Callister, William D.,
- Dates associated with a name:
1940-
670 ## - SOURCE DATA FOUND
- Source citation:
Materials science and engineering, c1985:
- Information found:
CIP t.p. (William D. Callister, Jr.; Brigham Young U.) data sheet (b. 8/15/40)